[Event "EU-Cup 39th"]
[Site "Vrnjacka Banja"]
[Date "2024.10.26"]
[Round "7.13"]
[White "Sorensen, Hampus"]
[Black "Sanchez Guirado, Francisco Javier"]
[Result "1-0"]
[WhiteElo "2423"]
[BlackElo "2294"]
[PlyCount "49"]
[EventDate "2024.10.20"]
[EventType "team-swiss"]
[EventRounds "7"]
[EventCountry "SRB"]
[SourceTitle "CB45_2024"]
[Source "ChessBase"]
[SourceDate "2024.11.06"]
[SourceVersion "1"]
[SourceVersionDate "2024.11.06"]
[SourceQuality "1"]
[WhiteTeam "Rockaden"]
[BlackTeam "Andreu Paterna"]
[WhiteTeamCountry "SWE"]
[BlackTeamCountry "ESP"]

1. e4 c6 2. d4 d5 3. e5 Bf5 4. Nf3 e6 5. Be2 Nd7 6. 0-0 Ne7 7. a4 Nc8 8. c3 c5 9. c4 Bxb1 10. Rxb1 Ncb6 11. b4 cxb4 12. c5 Nc8 13. Rxb4 b6 14. Bg5 Qc7 15. Qb1 a6 16. Rc1 bxc5 17. Rb7 Qc6 18. dxc5 Nxc5 19. Rb8 Kd7 20. Bb5 axb5 21. axb5 Qc7 22. Rxa8 h6 23. b6 Qxb6 24. Qxb6 Nxb6 25. Rd8+ 1-0

[Event "EU-Cup 39th"]
[Site "Vrnjacka Banja"]
[Date "2024.10.21"]
[Round "2.5"]
[White "Veinberg, Nimrod"]
[Black "Sanchez Guirado, Francisco Javier"]
[Result "1/2-1/2"]
[WhiteElo "2408"]
[BlackElo "2294"]
[PlyCount "153"]
[EventDate "2024.10.20"]
[EventType "team-swiss"]
[EventRounds "7"]
[EventCountry "SRB"]
[SourceTitle "CB44_2024"]
[Source "Chessbase"]
[SourceDate "2024.10.30"]
[SourceVersion "1"]
[SourceVersionDate "2024.10.30"]
[SourceQuality "1"]
[WhiteTeam "Rishon Le Zion"]
[BlackTeam "Andreu Paterna"]
[WhiteTeamCountry "ISR"]
[BlackTeamCountry "ESP"]

1. d4 Nf6 2. c4 e6 3. Nc3 d5 4. cxd5 exd5 5. Bg5 Be7 6. e3 0-0 7. Bd3 Re8 8. Nge2 Nbd7 9. 0-0 c6 10. f3 c5 11. Qd2 a6 12. a4 cxd4 13. exd4 Nf8 14. Be3 Bb4 15. g4 Be6 16. Ng3 Rc8 17. Rac1 N6d7 18. Qf2 Nb6 19. Na2 Be7 20. b3 Qd6 21. Rb1 Rc7 22. a5 Nc8 23. b4 Na7 24. Qd2 Qd7 25. Nc3 Rec8 26. Rfc1 Bd6 27. Nf5 Rc6 28. Kg2 Bb8 29. Ng3 Ng6 30. Kf2 Qd8 31. Nce2 Rxc1 32. Nxc1 Qf6 33. g5 Qd8 34. Nb3 Bd6 35. Nc5 Rc7 36. f4 Bc8 37. f5 Nh4 38. Bf4 Nc6 39. Re1 Re7 40. Rxe7 Qxe7 41. f6 gxf6 42. Nh5 Bxf4 43. Qxf4 fxg5 44. Nf6+ Kh8 45. Qxg5 Qe1+ 46. Kxe1 Nf3+ 47. Kf2 Nxg5 48. Nxd5 Be6 49. Nf4 Nxb4 50. Nxb7 Nh3+ 51. Nxh3 Nxd3+ 52. Ke3 Nb2 53. Nf4 Kg7 54. Kd2 Nc4+ 55. Kc3 Bc8 56. Kxc4 Bxb7 57. Kc5 Kf6 58. Kb6 Bc8 59. Nd3 Ke7 60. Nc5 f5 61. Kc7 Be6 62. Nxa6 f4 63. Nc5 Bf5 64. a6 f3 65. a7 f2 66. a8Q f1Q 67. Qd8+ Kf7 68. Qd5+ Kg7 69. Qe5+ Kg6 70. Qe8+ Kg5 71. Qe7+ Kg4 72. Qe3 Qf4+ 73. Qxf4+ Kxf4 74. d5 Kg4 75. Ne6 Kh3 76. Ng5+ Kxh2 77. Nxh7 1/2-1/2

[Event "EU-Cup 39th"]
[Site "Vrnjacka Banja"]
[Date "2024.10.20"]
[Round "1.5"]
[White "Sanchez Guirado, Francisco Javier"]
[Black "Mejdini, Murat"]
[Result "1-0"]
[WhiteElo "2294"]
[BlackElo "1989"]
[PlyCount "77"]
[EventDate "2024.10.20"]
[EventType "team-swiss"]
[EventRounds "7"]
[EventCountry "SRB"]
[SourceTitle "CB44_2024"]
[Source "Chessbase"]
[SourceDate "2024.10.30"]
[SourceVersion "1"]
[SourceVersionDate "2024.10.30"]
[SourceQuality "1"]
[WhiteTeam "Andreu Paterna"]
[BlackTeam "Butrinti"]
[WhiteTeamCountry "ESP"]
[BlackTeamCountry "KOS"]

1. Nf3 Nf6 2. c4 c5 3. Nc3 Nc6 4. e3 d5 5. d4 cxd4 6. exd4 g6 7. cxd5 Nxd5 8. Qb3 Nxc3 9. Bc4 Nd5 10. Bxd5 e6 11. Bxc6+ bxc6 12. 0-0 Bg7 13. Bg5 f6 14. Bf4 0-0 15. Rac1 Bd7 16. Rfe1 Re8 17. h4 Kh8 18. Qe3 Qa5 19. a3 Qb6 20. Rc2 Kg8 21. Bh6 Rab8 22. Bxg7 Kxg7 23. h5 Qc7 24. Qc1 Qd6 25. Re4 Rh8 26. Rc5 Rb5 27. Rh4 Rbb8 28. b4 Qf8 29. Qf4 Rb7 30. Qh2 Qb8 31. Rf4 Rf8 32. Qh4 Qd8 33. Qg3 Qb8 34. hxg6 hxg6 35. Nd2 Rb5 36. Qe3 Rh8 37. Nf3 Rh5 38. g4 Rh3 39. Kg2 1-0

[Event "Barbera del Valles op 36th"]
[Site "Barbera del Valles"]
[Date "2013.07.12"]
[Round "9"]
[White "Sanchez Guirado, Francisco Javier"]
[Black "Abhishek, Kelkar"]
[Result "0-1"]
[WhiteElo "2339"]
[BlackElo "2274"]
[PlyCount "92"]
[EventDate "2013.07.04"]
[EventType "swiss"]
[EventRounds "9"]
[EventCountry "ESP"]
[SourceTitle "CBM 155 Extra"]
[Source "ChessBase"]
[SourceDate "2013.08.26"]
[SourceVersion "1"]
[SourceVersionDate "2013.08.26"]
[SourceQuality "1"]

1. d4 Nf6 2. g3 g6 3. Bg2 Bg7 4. e4 d6 5. Ne2 0-0 6. h3 Nbd7 7. 0-0 e5 8. Nbc3 c6 9. a4 a5 10. Be3 exd4 11. Bxd4 Re8 12. Re1 Qc7 13. Qd2 Ne5 14. b3 Be6 15. Rad1 Rad8 16. g4 d5 17. f4 Nxe4 18. Nxe4 Nf3+ 19. Bxf3 dxe4 20. Bg2 c5 21. Qc3 Rxd4 22. Nxd4 Qb6 23. Rxe4 cxd4 24. Qd3 Rc8 25. Kh1 Rc3 26. Qe2 Qc7 27. Rd2 h6 28. Rxe6 fxe6 29. Qxe6+ Kh7 30. f5 gxf5 31. Qxf5+ Kh8 32. Re2 Re3 33. Rxe3 dxe3 34. Be4 Kg8 35. Qe6+ Kf8 36. Bd5 Qf4 37. Qg8+ Ke7 38. Qxg7+ Kd6 39. Bg2 e2 40. Qg6+ Kc5 41. Qe8 Qc1+ 42. Kh2 e1Q 43. Qf8+ Kd4 44. Qd8+ Kc3 45. Qf6+ Kxc2 46. Qd4 Qce3 0-1

[Event "Barbera del Valles op 36th"]
[Site "Barbera del Valles"]
[Date "2013.07.07"]
[Round "4"]
[White "Perez Mitjans, Orelvis"]
[Black "Sanchez Guirado, Francisco Javier"]
[Result "0-1"]
[WhiteElo "2495"]
[BlackElo "2339"]
[PlyCount "72"]
[EventDate "2013.07.04"]
[EventType "swiss"]
[EventRounds "9"]
[EventCountry "ESP"]
[SourceTitle "CBM 155 Extra"]
[Source "ChessBase"]
[SourceDate "2013.08.26"]
[SourceVersion "1"]
[SourceVersionDate "2013.08.26"]
[SourceQuality "1"]

1. e4 c6 2. c4 d5 3. exd5 cxd5 4. cxd5 Nf6 5. Qa4+ Nbd7 6. Nc3 g6 7. Nf3 Bg7 8. Bc4 a6 9. d3 0-0 10. Qa3 b6 11. 0-0 Bb7 12. Re1 Re8 13. Ng5 Rc8 14. d6 e6 15. Nge4 Nxe4 16. Nxe4 Bxe4 17. Rxe4 Nc5 18. Re3 b5 19. d4 Bxd4 20. Bf1 Qxd6 21. Rf3 Qb6 22. b4 Bxa1 23. Be3 Qc6 24. bxc5 Red8 25. Be2 Bd4 26. h4 Rd5 27. h5 Bxc5 28. Bxc5 Rxc5 29. h6 Rf5 30. Bf1 Rxf3 31. gxf3 Qc5 32. Qxa6 Qg5+ 33. Kh2 Qxh6+ 34. Bh3 Qf4+ 35. Kg2 Qg5+ 36. Kh2 Rc1 0-1

[Event "Barbera del Valles op 36th"]
[Site "Barbera del Valles"]
[Date "2013.07.04"]
[Round "1"]
[White "Sanchez Guirado, Francisco Javier"]
[Black "Jaramillo Ochoa, Mateo"]
[Result "1-0"]
[WhiteElo "2339"]
[BlackElo "2074"]
[PlyCount "79"]
[EventDate "2013.07.04"]
[EventType "swiss"]
[EventRounds "9"]
[EventCountry "ESP"]
[SourceTitle "CBM 155 Extra"]
[Source "ChessBase"]
[SourceDate "2013.08.26"]
[SourceVersion "1"]
[SourceVersionDate "2013.08.26"]
[SourceQuality "1"]

1. d4 d5 2. Nf3 Nf6 3. e3 e6 4. Bd3 c5 5. c3 Nc6 6. 0-0 Bd6 7. Nbd2 0-0 8. dxc5 Bxc5 9. e4 dxe4 10. Nxe4 Nxe4 11. Bxe4 Qxd1 12. Rxd1 f6 13. Be3 Bxe3 14. fxe3 Rb8 15. Rd6 Ne7 16. Rad1 e5 17. Bc2 g6 18. e4 Kg7 19. h3 b6 20. Bb3 Rb7 21. Nh2 Rc7 22. Ng4 Bb7 23. Rd7 Rfc8 24. Be6 h5 25. Ne3 Kf8 26. R7d6 Re8 27. Bb3 Kg7 28. Rd7 Rec8 29. Be6 Kf8 30. Rd8+ Rxd8 31. Rxd8+ Kg7 32. Nd5 Nxd5 33. exd5 Re7 34. Rg8+ Kh7 35. Rb8 f5 36. d6 Rxe6 37. d7 Rd6 38. d8Q Rxd8 39. Rxd8 Bc6 40. Rd6 1-0

[Event "Mislata op-A 20th"]
[Site "Mislata"]
[Date "2012.08.16"]
[Round "6"]
[White "Sanchez Guirado, Francisco Javier"]
[Black "Crecente Penalba, Jose Manuel"]
[Result "1/2-1/2"]
[WhiteElo "2357"]
[BlackElo "2107"]
[PlyCount "76"]
[EventDate "2012.08.13"]
[EventType "swiss"]
[EventRounds "9"]
[EventCountry "ESP"]
[SourceTitle "EXT 2013"]
[Source "ChessBase"]
[SourceDate "2012.11.22"]
[SourceVersion "1"]
[SourceVersionDate "2012.11.22"]
[SourceQuality "1"]

1. g3 c5 2. Bg2 Nc6 3. Nf3 g6 4. 0-0 Bg7 5. e4 d6 6. c3 e5 7. d3 Nge7 8. a3 a5 9. a4 0-0 10. Na3 h6 11. Nd2 Be6 12. Ndc4 d5 13. exd5 Bxd5 14. Be3 Bxg2 15. Kxg2 Nf5 16. Qe2 Re8 17. Rad1 b6 18. Qf3 Nce7 19. Nb5 Nd5 20. Bc1 Rb8 21. Rfe1 Qd7 22. Kg1 Nc7 23. Qe4 Nxb5 24. axb5 Re6 25. Na3 Qe8 26. f3 Nd6 27. Qa4 Nf5 28. Be3 Qd7 29. Qe4 Qe8 30. Bf2 Nd6 31. Qa4 Qd7 32. g4 Qb7 33. Re3 Rf6 34. Bg3 Rxf3 35. Re2 Qd5 36. Red2 Bf6 37. Nc4 Bg5 38. Rf2 Rxf2 1/2-1/2

[Event "Belgrade op"]
[Site "Belgrade"]
[Date "2009.11.30"]
[Round "7"]
[White "Nenezic, Marko"]
[Black "Sanchez Guirado, Francisco Javier"]
[Result "0-1"]
[WhiteElo "2090"]
[BlackElo "2393"]
[PlyCount "78"]
[EventDate "2009.11.24"]
[EventType "swiss"]
[EventRounds "9"]
[EventCountry "YUG"]
[SourceTitle "CBM 133 Extra"]
[Source "ChessBase"]
[SourceDate "2010.01.05"]
[SourceVersion "1"]
[SourceVersionDate "2010.01.05"]
[SourceQuality "1"]

1. Nf3 c5 2. c4 Nf6 3. g3 e6 4. Bg2 d5 5. cxd5 exd5 6. d4 Nc6 7. 0-0 Be7 8. Nc3 0-0 9. Bf4 Bg4 10. Ne5 cxd4 11. Nxc6 bxc6 12. Qxd4 Qa5 13. Qd2 Rad8 14. Rfe1 d4 15. Ne4 Bb4 16. Nxf6+ gxf6 17. Qc1 Bxe1 18. Qxe1 Qxe1+ 19. Rxe1 c5 20. h3 Be6 21. b3 c4 22. bxc4 Bxc4 23. Bc7 Rc8 24. Ba5 Bxa2 25. Rd1 Rc4 26. Bd2 Rb8 27. Be4 Rb2 28. Bc1 Bb3 29. Re1 Ra2 30. Bh6 Rca4 31. Kh2 Ra1 32. Bb1 f5 33. g4 Ba2 34. Rc1 Rc4 35. Rxc4 Bxc4 36. Bxf5 Bxe2 37. Kg2 d3 38. f3 Rf1 39. Be4 a5 0-1

[Event "ESP-chT Div 1 final 1"]
[Site "Barbera del Valles"]
[Date "2009.08.15"]
[Round "3"]
[White "Granados Gomez, Manuel"]
[Black "Sanchez Guirado, Francisco Javier"]
[Result "1/2-1/2"]
[WhiteElo "2407"]
[BlackElo "2393"]
[PlyCount "61"]
[EventDate "2009.08.14"]
[EventType "tourn"]
[EventRounds "3"]
[EventCountry "ESP"]
[SourceTitle "CBM 131 Extra"]
[Source "ChessBase"]
[SourceDate "2009.09.03"]
[SourceVersion "2"]
[SourceVersionDate "2009.09.16"]
[SourceQuality "1"]

1. c4 e6 2. Nf3 d5 3. d4 Nf6 4. Nc3 Bb4 5. Bg5 h6 6. Bxf6 Qxf6 7. Qa4+ Nc6 8. Ne5 0-0 9. Nxc6 Bxc3+ 10. bxc3 Bd7 11. cxd5 exd5 12. e3 Bxc6 13. Bb5 Be8 14. Bxe8 Rfxe8 15. 0-0 Re7 16. Rfd1 c6 17. c4 dxc4 18. Qxc4 Rd8 19. Qa4 a6 20. Rab1 Rd5 21. Qc4 Rg5 22. Qe2 Qe6 23. Rb3 c5 24. dxc5 Rxc5 25. g3 Qe4 26. Rbd3 Rec7 27. Rd4 Rc2 28. Qh5 Qe6 29. Rd6 Qe4 30. R6d4 Qe6 31. Rd6 1/2-1/2

[Event "ESP-chT Div 1 Gr-A"]
[Site "Barbera del Valles"]
[Date "2009.08.13"]
[Round "3"]
[White "Sanchez Guirado, Francisco Javier"]
[Black "Mascaro March, Pedro"]
[Result "1-0"]
[WhiteElo "2393"]
[BlackElo "2382"]
[PlyCount "77"]
[EventDate "2009.08.11"]
[EventType "tourn"]
[EventRounds "3"]
[EventCountry "ESP"]
[SourceTitle "CBM 131 Extra"]
[Source "ChessBase"]
[SourceDate "2009.09.03"]
[SourceVersion "2"]
[SourceVersionDate "2009.09.16"]
[SourceQuality "1"]

1. d4 Nf6 2. c4 e6 3. g3 c5 4. Nf3 cxd4 5. Nxd4 Nc6 6. Bg2 Qb6 7. e3 Bc5 8. Nb3 Bb4+ 9. Nc3 Ne5 10. Qe2 Qc7 11. Nd2 Bxc3 12. bxc3 d5 13. cxd5 Qxc3 14. 0-0 exd5 15. Rb1 0-0 16. Bb2 Qc7 17. Rfc1 Qe7 18. Bd4 Rd8 19. Bc5 Qe8 20. f4 Bg4 21. Qf1 Ned7 22. Bd4 b6 23. f5 Ne4 24. Qf4 Nxd2 25. Qxg4 Ne5 26. Qf4 Nxb1 27. Bxe5 Nd2 28. f6 Ne4 29. fxg7 f6 30. Bd4 Rac8 31. Rd1 Rc6 32. Bh3 Rc2 33. Rf1 Rd6 34. Bf5 Qh5 35. g4 Qe8 36. g5 Rdc6 37. gxf6 Qf7 38. Qb8+ Rc8 39. Bxc8 1-0

[Event "ESP-chT Div 1 Gr-A"]
[Site "Barbera del Valles"]
[Date "2009.08.11"]
[Round "1"]
[White "Sanchez Guirado, Francisco Javier"]
[Black "Romero Holmes, Alfonso"]
[Result "1/2-1/2"]
[WhiteElo "2393"]
[BlackElo "2512"]
[PlyCount "134"]
[EventDate "2009.08.11"]
[EventType "tourn"]
[EventRounds "3"]
[EventCountry "ESP"]
[SourceTitle "CBM 131 Extra"]
[Source "ChessBase"]
[SourceDate "2009.09.03"]
[SourceVersion "2"]
[SourceVersionDate "2009.09.16"]
[SourceQuality "1"]

1. d4 Nf6 2. c4 g6 3. Nc3 Bg7 4. e4 d6 5. Nf3 0-0 6. Be2 Bg4 7. Be3 c5 8. Qd2 cxd4 9. Nxd4 Bxe2 10. Qxe2 Nfd7 11. Qd2 Nc6 12. f3 Qa5 13. 0-0 Rfc8 14. b3 Nxd4 15. Bxd4 Bxd4+ 16. Qxd4 Qc5 17. Qxc5 Rxc5 18. Rfc1 Rac8 19. Kf1 a6 20. a4 Rh5 21. h3 Rhc5 22. Rd1 Kf8 23. Ke2 a5 24. Nb5 f5 25. Nd4 Re5 26. g4 Nc5 27. Rab1 fxg4 28. hxg4 h5 29. Rh1 Kf7 30. Rbg1 Kf6 31. Rh4 Rg5 32. Rf1 hxg4 33. fxg4+ Kg7 34. Rfh1 Rg8 35. Nf3 Kf6 36. Nxg5 Kxg5 37. Rh8 Rxh8 38. Rxh8 Nxb3 39. Kd3 Kf6 40. Rb8 Nc5+ 41. Ke3 Nxa4 42. Rxb7 Nc5 43. Ra7 a4 44. Kd4 Ne6+ 45. Kd5 Nf4+ 46. Kc6 Nd3 47. Rxa4 Ne5+ 48. Kd5 Nxg4 49. Ra3 Ne5 50. Ra1 e6+ 51. Kd4 Nc6+ 52. Ke3 Ne5 53. Rf1+ Ke7 54. Rc1 g5 55. c5 dxc5 56. Rxc5 Kf6 57. Rc8 Kf7 58. Rc1 Ng6 59. Rg1 Kf6 60. Kd4 Nf4 61. Rf1 e5+ 62. Kc5 g4 63. Kd6 g3 64. Rh1 Ne2 65. Rf1+ Kg5 66. Kxe5 g2 67. Ra1 g1Q 1/2-1/2

[Event "Palma de Mallorca op 3rd"]
[Site "Palma de Mallorca"]
[Date "2008.12.14"]
[Round "9"]
[White "Ali, Ehsan"]
[Black "Sanchez Guirado, Francisco Javier"]
[Result "1/2-1/2"]
[WhiteElo "2241"]
[BlackElo "2415"]
[PlyCount "27"]
[EventDate "2008.12.06"]
[EventType "swiss"]
[EventRounds "9"]
[EventCountry "ESP"]
[SourceTitle "CBM 127 Extra"]
[Source "ChessBase"]
[SourceDate "2009.01.08"]
[SourceVersion "2"]
[SourceVersionDate "2009.01.28"]
[SourceQuality "1"]

1. e4 c5 2. Nf3 Nc6 3. d4 cxd4 4. Nxd4 Nf6 5. Nc3 d6 6. Bc4 Qb6 7. Nb3 e6 8. 0-0 Be7 9. Be3 Qc7 10. Be2 0-0 11. f4 a6 12. a4 b6 13. Bf3 Bb7 14. g4 1/2-1/2

[Event "Palma de Mallorca op 3rd"]
[Site "Palma de Mallorca"]
[Date "2008.12.11"]
[Round "6"]
[White "Sanchez Guirado, Francisco Javier"]
[Black "Rybenko, Ksenia"]
[Result "1-0"]
[WhiteElo "2415"]
[BlackElo "2243"]
[PlyCount "63"]
[EventDate "2008.12.06"]
[EventType "swiss"]
[EventRounds "9"]
[EventCountry "ESP"]
[SourceTitle "CBM 127 Extra"]
[Source "ChessBase"]
[SourceDate "2009.01.08"]
[SourceVersion "2"]
[SourceVersionDate "2009.01.28"]
[SourceQuality "1"]

1. d4 Nf6 2. g3 g6 3. Bg2 Bg7 4. e4 d6 5. Nc3 c6 6. a4 Nbd7 7. Nge2 e5 8. 0-0 0-0 9. h3 Re8 10. Be3 Qe7 11. g4 h5 12. g5 Nh7 13. Qd2 exd4 14. Nxd4 Bxd4 15. Qxd4 Nxg5 16. Rad1 Ne5 17. Bxg5 Nf3+ 18. Bxf3 Qxg5+ 19. Kh1 Bxh3 20. Qxd6 Re5 21. Rg1 Qh4 22. Rg3 Rae8 23. Kg1 Kg7 24. Qd2 R8e6 25. Qd8 Rf6 26. Rd6 Be6 27. Bg2 g5 28. Qb8 Qf4 29. Rf3 Qg4 30. Rxf6 Kxf6 31. Qh8+ Kg6 32. Qxe5 1-0

[Event "ESP-chT Honor Gp1 49th"]
[Site "Merida"]
[Date "2005.08.24"]
[Round "1"]
[White "Sanchez Guirado, Francisco Javier"]
[Black "Cifuentes Parada, Roberto"]
[Result "1/2-1/2"]
[WhiteElo "2408"]
[BlackElo "2512"]
[PlyCount "52"]
[EventDate "2005.08.24"]
[EventType "team-tourn"]
[EventRounds "5"]
[EventCountry "ESP"]
[SourceTitle "CBM 109"]
[Source "ChessBase"]
[SourceDate "2005.11.14"]
[SourceVersion "1"]
[SourceVersionDate "2005.11.14"]
[SourceQuality "1"]

1. d4 d5 2. c4 dxc4 3. Nf3 c5 4. e3 Nf6 5. Bxc4 e6 6. Qe2 a6 7. 0-0 b5 8. Bb3 Bb7 9. Rd1 Nbd7 10. a4 Qb8 11. axb5 axb5 12. Rxa8 Bxa8 13. Nc3 b4 14. Na4 Be7 15. dxc5 0-0 16. c6 Ne5 17. Nxe5 Qxe5 18. Qc4 Qc7 19. Bd2 Qxc6 20. Qxc6 Bxc6 21. Rc1 Bb5 22. Rc7 Bd6 23. Rc1 Nd7 24. Bd1 Ne5 25. Nc5 Rc8 26. Ba4 Bxa4 1/2-1/2

[Event "Mislata op-A 11th"]
[Site "Mislata"]
[Date "2003.08.28"]
[Round "9"]
[White "Romero Holmes, Alfonso"]
[Black "Sanchez Guirado, Francisco Javier"]
[Result "1/2-1/2"]
[WhiteElo "2530"]
[BlackElo "2383"]
[PlyCount "53"]
[EventDate "2003.08.19"]
[EventType "swiss"]
[EventRounds "9"]
[EventCountry "ESP"]
[SourceTitle "CBM 095 Extra"]
[Source "ChessBase"]
[SourceDate "2003.09.04"]
[SourceVersion "1"]
[SourceVersionDate "2003.09.04"]
[SourceQuality "1"]

1. e4 c5 2. Nf3 g6 3. d4 cxd4 4. Nxd4 Nc6 5. c4 Nf6 6. Nc3 d6 7. Nc2 Bg7 8. Be2 Nd7 9. Bd2 0-0 10. 0-0 Nc5 11. b3 a5 12. f3 f5 13. exf5 gxf5 14. Nd5 e6 15. Nf4 Be5 16. Rb1 Kh8 17. Qe1 Nb4 18. Na3 Nxa2 19. Nh5 f4 20. g3 Qg5 21. Nxf4 Bxf4 22. Bxf4 Rxf4 23. Qd2 e5 24. Qxa2 Rd4 25. f4 Rxf4 26. Rxf4 exf4 27. Qb2+ 1/2-1/2

[Event "Mislata op-A 11th"]
[Site "Mislata"]
[Date "2003.08.24"]
[Round "5"]
[White "Sanchez Guirado, Francisco Javier"]
[Black "Castella Garcia, Fausto"]
[Result "1-0"]
[WhiteElo "2383"]
[BlackElo "2302"]
[PlyCount "121"]
[EventDate "2003.08.19"]
[EventType "swiss"]
[EventRounds "9"]
[EventCountry "ESP"]
[SourceTitle "CBM 095 Extra"]
[Source "ChessBase"]
[SourceDate "2003.09.04"]
[SourceVersion "1"]
[SourceVersionDate "2003.09.04"]
[SourceQuality "1"]

1. d4 Nf6 2. g3 c5 3. Nf3 g6 4. Bg2 Bg7 5. 0-0 cxd4 6. Nxd4 Nc6 7. c4 0-0 8. Nc3 Ng4 9. e3 Nge5 10. b3 d6 11. h3 Nxd4 12. exd4 Nc6 13. Be3 Bd7 14. Qd2 Qa5 15. Rad1 a6 16. Nd5 Qxd2 17. Rxd2 Rad8 18. Nb6 Bc8 19. Rfd1 h5 20. b4 Nxb4 21. Rb2 Nc6 22. Nxc8 Rxc8 23. Rxb7 Na5 24. Rxe7 Nxc4 25. Bc1 Rb8 26. Bf4 Nb2 27. Rd2 Rb6 28. Bd5 Na4 29. Rc7 Bf6 30. Rc4 Rb1+ 31. Kg2 Nb6 32. Bxd6 Rd8 33. Bxf7+ Kxf7 34. Rc6 Rxd6 35. Rxd6 Nc4 36. Rxf6+ Kxf6 37. Rc2 Rb4 38. Kf3 Ke6 39. Kf4 Kf6 40. Ke4 a5 41. Kd5 Nb6+ 42. Kc6 Nc8 43. d5 Ne7+ 44. Kc5 Rb8 45. Rd2 Nf5 46. g4 hxg4 47. hxg4 Rc8+ 48. Kb5 Nd6+ 49. Ka4 Rc5 50. f4 Rc4+ 51. Kxa5 Rxf4 52. Re2 Ne4 53. Kb6 Nc3 54. Rd2 Ke5 55. d6 Rf6 56. Kc6 Ne4 57. Rd5+ Kf4 58. Kc7 Nc3 59. Rc5 Ne4 60. Rc4 Ke5 61. Rxe4+ 1-0

[Event "Mislata op-A 11th"]
[Site "Mislata"]
[Date "2003.08.20"]
[Round "2"]
[White "Fenollar Jorda, Manuel"]
[Black "Sanchez Guirado, Francisco Javier"]
[Result "0-1"]
[WhiteElo "2234"]
[BlackElo "2383"]
[PlyCount "82"]
[EventDate "2003.08.19"]
[EventType "swiss"]
[EventRounds "9"]
[EventCountry "ESP"]
[SourceTitle "CBM 095 Extra"]
[Source "ChessBase"]
[SourceDate "2003.09.04"]
[SourceVersion "1"]
[SourceVersionDate "2003.09.04"]
[SourceQuality "1"]

1. e4 c5 2. Nf3 Nc6 3. d4 cxd4 4. Nxd4 Nf6 5. Nc3 d6 6. Bc4 Qb6 7. Nde2 e6 8. Bb3 a6 9. 0-0 Be7 10. Ng3 h5 11. h3 h4 12. Nge2 Qc7 13. a4 Bd7 14. Be3 Na5 15. Qd4 Rc8 16. f3 Nc4 17. Bxc4 Qxc4 18. Qxc4 Rxc4 19. Rac1 b5 20. axb5 axb5 21. Nd1 d5 22. e5 Nh5 23. b3 Rc7 24. c3 0-0 25. Nb2 Ba3 26. Rc2 b4 27. c4 Ra8 28. Rd1 Bb5 29. Rdd2 Bxb2 30. Rxb2 Ra1+ 31. Kf2 dxc4 32. bxc4 Bxc4 33. Rdc2 b3 34. Rxb3 Bxb3 35. Rxc7 Ra2 36. Rd7 Bd5 37. Ke1 Ng3 38. Nc3 Rxg2 39. Nxd5 Re2+ 40. Kd1 exd5 41. Bd4 Rh2 0-1